| 000 | 00660nam a2200241Ia 4500 | ||
|---|---|---|---|
| 005 | 20260430150303.0 | ||
| 008 | 008 250103s9999 xx 000 0 eng d | ||
| 037 | _aTheses | ||
| 040 | _aCRL | ||
| 040 | _beng | ||
| 040 | _ceng | ||
| 041 | _2eng | ||
| 041 | _aeng | ||
| 084 | _qCRL | ||
| 100 |
_aGupta Ankeeta Au.; Gupta Gunjan Gu. _91237038 |
||
| 245 | 2 | _aA Study of the Impact of Insolvency and Bankruptcy Code, 2016 on Credit Delivery and Credit Resolution Mechanism in India | |
| 260 | _c2023 | ||
| 300 | _a261 | ||
| 650 | _aLaw | ||
| 700 | _aUniversity of Delhi. Faculty of Law. Deptt of Law | ||
| 942 | _cTH | ||
| 999 |
_c1849424 _d1849424 |
||